000
00224 a2200097 4500
001
43000
100
_a
Pusey
245
_a
National certificate mathematics
260
_a
London
_b
English Univ press
_c
090
_c
26876
_d
26876
942
_a
NUST-CAE
_c
M
_c
18753
999
_c
278073
_d
278073